[Event "SVK-chT 9798"]
[Site "SVK"]
[Date "1998.??.??"]
[Round "9"]
[White "Debnar, Lubos"]
[Black "Banas, Jan"]
[Result "0-1"]
[WhiteElo "2280"]
[BlackElo "2395"]

1.d4 Nf6 2.c4 g6 3.Nc3 d5 4.cxd5 Nxd5 5.e4 Nxc3 6.bxc3 Bg7 7.Bc4 O-O 8.Ne2 c5
9.O-O Nc6 10.Be3 Na5 11.Bd3 cxd4 12.cxd4 b6 13.Rc1 e6 14.Qd2 Bb7 15.Bh6 Qe7
16.Bxg7 Kxg7 17.Qe3 Rac8 18.f4 Rfd8 19.d5 Rxc1 20.Rxc1 exd5 21.e5 Nc4 22.Bxc4 dxc4
23.f5 Qc5 24.f6+ Kf8 25.Qxc5+ bxc5 26.Rxc4 Rd2 27.Nc3 Rxg2+ 28.Kf1 Ba6 29.Kxg2 Bxc4
30.Kf3 Ke8 31.Kf4 h6 32.a3 Kd7 33.Ne4 Kc6 34.Nd6 Be6 35.Ke4 a6 36.h4 c4 37.Kd4 c3
38.Kxc3 Kd5 39.Nc4 g5 40.hxg5 hxg5  0-1

[Event "SVE-chT 9798"]
[Site "Sweden"]
[Date "1998.??.??"]
[Round "7"]
[White "Schussler, Harry"]
[Black "Piuva, Matti"]
[Result "1/2-1/2"]
[WhiteElo "2460"]
[BlackElo "2205"]

1.d4 Nf6 2.c4 g6 3.Nc3 d5 4.cxd5 Nxd5 5.e4 Nxc3 6.bxc3 Bg7 7.Bb5+ c6 8.Ba4 O-O
9.Ne2 Be6 10.Bb3 Bxb3 11.axb3 b5 12.O-O Nd7 13.Be3 Qc7 14.Qc1 c5 15.d5 a5
16.Rb1 Rfc8 17.c4 b4 18.f4 a4 19.e5 Ra6 20.bxa4 Rxa4 21.Ng3 Ra3 22.Ne4 Nxe5
23.fxe5  1/2-1/2

[Event "SVE-chT 9798"]
[Site "Sweden"]
[Date "1998.??.??"]
[Round "8"]
[White "Svenn, Gosta"]
[Black "Piuva, Matti"]
[Result "1-0"]
[WhiteElo "2385"]
[BlackElo "2205"]

1.d4 Nf6 2.c4 g6 3.Nc3 d5 4.cxd5 Nxd5 5.e4 Nxc3 6.bxc3 Bg7 7.Bc4 c5 8.Ne2 O-O
9.O-O Nc6 10.Be3 Bg4 11.f3 Bd7 12.Rc1 Rc8 13.Qd2 Qa5 14.Qb2 b6 15.a3 Rfd8
16.Bd5 Be8 17.Rfd1 e6 18.Ba2 Bf8 19.d5 exd5 20.Bxd5 c4 21.Ra1 Ne5 22.Bd4 Bg7
23.Qb4 Qa4 24.Bxe5 Bxe5 25.Qe7 Bc7 26.Rd2 Qa5 27.Rad1 Qc5+ 28.Qxc5 bxc5 29.Bxc4 Ba4
30.Rxd8+ Rxd8 31.Rxd8+ Bxd8 32.Bd5 Bd1 33.Kf2 Bf6 34.Ke3 Bxe2 35.Kxe2 Bxc3
36.Kd3 Bb2 37.a4 a5 38.Kc4 Ba3 39.Kb5 Bb4 40.Kc6 Kf8 41.Kd7 Bd2 42.g3 Bc3
43.f4 Bd2 44.e5 h5 45.Bxf7 c4 46.Bxg6 h4 47.e6 Bb4 48.gxh4 c3 49.Bc2  1-0

[Event "Szeged TT08 IM"]
[Site "Szeged"]
[Date "1998.??.??"]
[Round "8"]
[White "Dovzik, Juri"]
[Black "Farkas, Tibor"]
[Result "1-0"]
[WhiteElo "2390"]
[BlackElo "2275"]

1.d4 Nf6 2.c4 g6 3.Nc3 d5 4.cxd5 Nxd5 5.e4 Nxc3 6.bxc3 Bg7 7.Nf3 c5 8.Be2 O-O
9.Rb1 cxd4 10.cxd4 Qa5+ 11.Qd2 Qxd2+ 12.Bxd2 e6 13.O-O Nc6 14.d5 exd5 15.exd5 Ne7
16.Bb4 Nxd5 17.Bxf8 Kxf8 18.Rb3 b6 19.Rc1 Bb7 20.Ne1 Nf4 21.Bf1 Re8 22.Nd3 Nxd3
23.Rxd3 Bf6 24.Rd7 Re7 25.Rcc7 Rxd7 26.Rxd7  1-0

[Event "EST-chT"]
[Site "Tallinn"]
[Date "1998.??.??"]
[Round "10"]
[White "Ehlvest, Jaan"]
[Black "Rytshagov, Mikhail"]
[Result "1/2-1/2"]
[WhiteElo "2610"]
[BlackElo "2550"]

1.d4 Nf6 2.c4 g6 3.Nc3 d5 4.cxd5 Nxd5 5.e4 Nxc3 6.bxc3 Bg7 7.Be3 c5 8.Nf3 Qa5
9.Qd2 Nc6 10.Rb1 a6 11.Rc1 Bg4 12.d5 Rd8 13.Be2 O-O 14.Qb2 Bxf3 15.Bxf3 Nd4
16.Bd1 Nb5 17.Bd2 Nd6 18.Qc2 Nc4  1/2-1/2

[Event "RUS-ch sf"]
[Site "Tula"]
[Date "1998.??.??"]
[Round "1"]
[White "Evseev, Denis"]
[Black "Kalichkin, Igor"]
[Result "1-0"]
[WhiteElo "2455"]
[BlackElo "2275"]

1.d4 Nf6 2.c4 g6 3.Nc3 d5 4.cxd5 Nxd5 5.e4 Nxc3 6.bxc3 Bg7 7.Nf3 c5 8.Rb1 cxd4
9.cxd4 Qa5+ 10.Bd2 Qd8 11.Bb5+ Nd7 12.O-O O-O 13.Bg5 a6 14.Be2 b6 15.Qc1 Bb7
16.Qe3 Re8 17.Rfd1 Rc8 18.e5 f6 19.Bh6 b5 20.Bxg7 Kxg7 21.d5 Qb6 22.Nd4 Bxd5
23.Bg4 e6 24.exf6+ Kxf6 25.a4 b4 26.Rxb4 Qd6 27.h3 h5 28.Nxe6 Rxe6 29.Bxe6 Qxb4
30.Bxd7 Rc5 31.Re1  1-0

[Event "RUS-ch sf"]
[Site "Tula"]
[Date "1998.??.??"]
[Round "5"]
[White "Gladyszev, Oleg"]
[Black "Kalichkin, Igor"]
[Result "1-0"]
[WhiteElo "2390"]
[BlackElo "2275"]

1.d4 Nf6 2.c4 g6 3.Nc3 d5 4.cxd5 Nxd5 5.e4 Nxc3 6.bxc3 Bg7 7.Nf3 c5 8.Rb1 cxd4
9.cxd4 Qa5+ 10.Bd2 Qxa2 11.Qc1 O-O 12.Bc4 Qa4 13.Bb5 Qa2 14.O-O a6 15.Bc4 Qa4
16.Bd5 Qd7 17.Ne5 Bxe5 18.dxe5 Nc6 19.Bh6 Nd4 20.Qb2 Ne6 21.Bxf8 Kxf8 22.f4 Kg8
23.f5 Nd8 24.e6 fxe6 25.fxe6  1-0

[Event "RUS-ch sf"]
[Site "Tula"]
[Date "1998.??.??"]
[Round "6"]
[White "Selin, O."]
[Black "Karavaev, Vladimir"]
[Result "0-1"]
[WhiteElo "2245"]
[BlackElo "2380"]

1.d4 Nf6 2.c4 g6 3.Nc3 d5 4.cxd5 Nxd5 5.e4 Nxc3 6.bxc3 Bg7 7.Nf3 c5 8.Rb1 cxd4
9.cxd4 O-O 10.Be2 Qa5+ 11.Bd2 Qxa2 12.O-O Qe6 13.Qc2 Qc6 14.Qd3 b6 15.Rfc1 Qd6
16.Bb4 Qd8 17.Qa3 Re8 18.d5 Bg4 19.h3 Bxf3 20.Qxf3 a6 21.e5 Nd7 22.e6 fxe6
23.dxe6 Nc5 24.h4 Rf8 25.Qa3 Qd4 26.Bf3 Rab8 27.Bxc5 bxc5 28.Qxa6 Rxb1 29.Rxb1 Qxh4
30.Rb7 Bd4 31.Qa2 Qg5 32.Qe2 Rf5 33.Rb1 h5 34.Rf1 Rf4 35.Bc6 Qg3  0-1

[Event "Donau op"]
[Site "Vienna"]
[Date "1998.??.??"]
[Round "4"]
[White "Stoll, Thomas"]
[Black "Todor, Razvan"]
[Result "1/2-1/2"]
[WhiteElo "2280"]
[BlackElo "2160"]

1.d4 Nf6 2.c4 g6 3.Nc3 d5 4.cxd5 Nxd5 5.e4 Nxc3 6.bxc3 Bg7 7.Bc4 c5 8.Ne2 cxd4
9.cxd4 Nc6 10.Be3 O-O 11.O-O Bg4 12.f3 Na5 13.Bd5 Bd7 14.Rb1 Bc8 15.Qd2 e6
16.Rb5 Nc6 17.Bxc6 bxc6 18.Rc5 Ba6 19.Rd1 Qb6 20.Rdc1 Bb7 21.Bh6 Rfd8 22.Bxg7 Kxg7
23.h4 Rd6 24.h5 Qd8 25.Qf4 Rc8 26.d5 exd5 27.e5 Re6 28.Nd4 Re8 29.h6+ Kg8
30.Nxc6 Bxc6 31.Rxc6 Rxc6 32.Rxc6 Re6 33.Rd6 Rxd6 34.exd6 f6 35.Qb4 Qc8 36.Qa3 a6
37.Kh2 Kf7 38.d7 Qxd7 39.Qxa6 Qc7+ 40.g3 Qc2+ 41.Kh3 Qf5+ 42.Kg2 Qc2+ 43.Kh3 Qf5+  1/2-1/2

[Event "Wattens op 13th"]
[Site "Wattens"]
[Date "1998.??.??"]
[Round "2"]
[White "Krutti, Valer"]
[Black "Hofmann, Bernhard"]
[Result "1-0"]
[WhiteElo "2360"]
[BlackElo "2090"]

1.d4 Nf6 2.c4 g6 3.Nc3 d5 4.cxd5 Nxd5 5.e4 Nxc3 6.bxc3 Bg7 7.Bc4 c5 8.Ne2 Nc6
9.Be3 O-O 10.Rc1 cxd4 11.cxd4 Na5 12.Bd3 b6 13.h4 Be6 14.d5 Bd7 15.h5 Rc8
16.hxg6 hxg6 17.Bg5 f6 18.Be3 Rxc1 19.Bxc1 Qc8 20.Nf4 Ba4 21.Qd2 Nc4 22.Qb4 Ne5
23.O-O Nxd3 24.Nxd3 Qd7 25.Nf4 Kf7 26.Ba3 Rc8 27.Ne6 Bb5 28.Re1 Bh6 29.Qb3 Bd2
30.Qh3 Kg8 31.Rd1 Rc3 32.Qg4 Kf7 33.Rxd2 Rxa3 34.Qh4 Qd6 35.Qh7+ Ke8 36.Qg8+  1-0

[Event "POL-chT2"]
[Site "Wisla"]
[Date "1998.??.??"]
[Round "?"]
[White "Panczyk, Krzysztof"]
[Black "Murawski, Grzegorz"]
[Result "1/2-1/2"]
[WhiteElo "2365"]
[BlackElo "2300"]

1.d4 Nf6 2.c4 g6 3.Nc3 d5 4.cxd5 Nxd5 5.e4 Nxc3 6.bxc3 Bg7 7.Be3 c5 8.Qd2 Qa5
9.Rc1 O-O 10.Nf3 Nc6 11.d5 Rd8 12.Bd3 Bg4 13.O-O Bxf3 14.gxf3 Rac8 15.dxc6 c4
16.cxb7 Rb8 17.Qb2 Rxd3 18.Qb4 Qc7 19.Rb1 Bxc3 20.Qb5 Bd4 21.Bxd4 Rxd4 22.Rfc1 c3
23.Kg2 Rc4 24.Qa6 Rc5 25.Qxa7 Rg5+ 26.Kh1 Rh5 27.Kg1 Rg5+ 28.Kh1 Rh5 29.Kg1 Rg5+
30.Kh1  1/2-1/2

[Event "POL-chT2"]
[Site "Wisla"]
[Date "1998.??.??"]
[Round "?"]
[White "Popczynski, Przemyslaw"]
[Black "Walach, Marcin"]
[Result "1-0"]
[WhiteElo "2125"]
[BlackElo "2310"]

1.d4 Nf6 2.c4 g6 3.Nc3 d5 4.cxd5 Nxd5 5.e4 Nxc3 6.bxc3 Bg7 7.Bb5+ Bd7 8.Bc4 O-O
9.Ne2 c5 10.O-O Nc6 11.Rb1 cxd4 12.cxd4 Rc8 13.Be3 Nxd4 14.Bxf7+ Rxf7 15.Nxd4 b6
16.Qb3 Bxd4 17.Bxd4 Bc6 18.Qe6 Qd7 19.Qe5 Rf6 20.Rbd1 Qe6 21.Qg5 Rf7 22.Rfe1 Ba4
23.Rd3 Rd8 24.f4 Bc2 25.f5 Rxf5 26.Qh6 Rf7 27.Rd2 Ba4 28.Qg5 Qd6 29.Bc3 Qc7
30.Qe5  1-0

[Event "POL-chT2"]
[Site "Wisla"]
[Date "1998.??.??"]
[Round "?"]
[White "Radzikowska, Krystyna"]
[Black "Bednarska, Malgorzata"]
[Result "1/2-1/2"]
[WhiteElo "2020"]
[BlackElo "2175"]

1.d4 Nf6 2.c4 g6 3.Nc3 d5 4.cxd5 Nxd5 5.e4 Nxc3 6.bxc3 Bg7 7.Nf3 O-O 8.Be3 c5
9.Be2 Nc6 10.O-O cxd4 11.cxd4 Bg4 12.Rb1 Bxf3 13.Bxf3 Bxd4 14.Bxd4 Nxd4 15.Rxb7 Qd6
16.Qa4 Nxf3+ 17.gxf3 a5 18.Rd1 Qf6 19.Qa3 Qg5+ 20.Kf1 Rad8 21.Rdd7 Rxd7 22.Rxd7 Rc8
23.Qxe7 Rc1+ 24.Ke2 Rc2+ 25.Kf1 Rc1+ 26.Ke2 Rc2+  1/2-1/2

[Event "POL-chT2"]
[Site "Wisla"]
[Date "1998.??.??"]
[Round "?"]
[White "Radzikowska, Krystyna"]
[Black "Grabarska, Barbara"]
[Result "1/2-1/2"]
[WhiteElo "2020"]
[BlackElo "2195"]

1.d4 Nf6 2.c4 g6 3.Nc3 d5 4.cxd5 Nxd5 5.e4 Nxc3 6.bxc3 Bg7 7.Nf3 c5 8.Bb5+ Bd7
9.Bxd7+ Qxd7 10.O-O O-O 11.Be3 Nc6 12.d5 Na5 13.Bxc5 Bxc3 14.Rc1 Bg7 15.Bd4 b5
16.Bxg7 Kxg7 17.Qd4+ Kg8 18.Ne5 Qd6 19.Ng4 h5 20.Ne3 a6 21.Rc3 e5 22.Qc5 Qxc5
23.Rxc5 Rac8 24.Rfc1 Nc4 25.Rxc8 Rxc8 26.Nxc4 bxc4 27.f3 Kf8 28.Kf2 Rb8 29.Rc2 Ke7
30.Ke3 Rb4 31.Kd2 Kd6 32.a3 Ra4 33.Ra2 f5 34.Kc3 Kc5 35.Ra1 Kd6  1/2-1/2

[Event "POL-chT2"]
[Site "Wisla"]
[Date "1998.??.??"]
[Round "?"]
[White "Zielinska, Marta"]
[Black "Grabarska, Barbara"]
[Result "0-1"]
[WhiteElo "2365"]
[BlackElo "2195"]

1.d4 Nf6 2.c4 g6 3.Nc3 d5 4.cxd5 Nxd5 5.e4 Nxc3 6.bxc3 Bg7 7.Be3 c5 8.Nf3 Nc6
9.Qd2 Qa5 10.Rb1 cxd4 11.cxd4 Qxd2+ 12.Kxd2 O-O 13.d5 Rd8 14.Bd3 Na5 15.Bc5 Bf8
16.Bb4 b6 17.Ne5 e6 18.Bxa5 bxa5 19.Nc6 Rd6 20.Bc4 exd5 21.Bxd5 Be6 22.Rb5 Bxd5
23.exd5 a6 24.Rc5 Rf6 25.Rc2 Rf5 26.Rb1 Re8 27.Rb8 Rxd5+ 28.Kc3 Rc5+ 29.Kd3 Rxc2
30.Kxc2 Re2+ 31.Kb3 a4+ 32.Kxa4 Rxa2+ 33.Kb3 Rxf2 34.g4 Rxh2 35.g5 Rg2 36.Re8 Kg7  0-1

[Event "Bad Zwesten op"]
[Site "Bad Zwesten"]
[Date "1999.01.04"]
[Round "4"]
[White "Kiese, Matthias"]
[Black "Majer, Damir"]
[Result "1-0"]
[WhiteElo "2175"]
[BlackElo "2286"]

1.d4 Nf6 2.c4 g6 3.Nc3 d5 4.cxd5 Nxd5 5.e4 Nxc3 6.bxc3 Bg7 7.Nf3 O-O 8.Be2 b6
9.O-O Bb7 10.Qd3 c5 11.Bg5 h6 12.Bh4 Nd7 13.Rad1 cxd4 14.cxd4 Rc8 15.Qe3 Nf6
16.d5 Qd7 17.Nd4 Qa4 18.Rd2 a6 19.f3 b5 20.Bf2 Rfd8 21.Nb3 Nd7 22.Rfd1 Qa3
23.f4 Bc3 24.Rc2 b4 25.e5 e6 26.dxe6 fxe6 27.Bh4 g5 28.fxg5 Nxe5 29.gxh6 Rxd1+
30.Bxd1 Nc6 31.Qxe6+  1-0

[Event "Torneo de Pamplona 9th"]
[Site "Pamplona"]
[Date "1999.01.04"]
[Round "8"]
[White "Van Wely, Loek"]
[Black "Sutovskij, Emil"]
[Result "1/2-1/2"]
[WhiteElo "2635"]
[BlackElo "2575"]

1.d4 Nf6 2.c4 g6 3.Nc3 d5 4.cxd5 Nxd5 5.e4 Nxc3 6.bxc3 Bg7 7.Be3 c5 8.Rc1 Qa5
9.Qd2 cxd4 10.cxd4 Qxd2+ 11.Kxd2 O-O 12.Bd3 Nc6 13.Ne2 Rd8 14.Rc4 f5 15.Rb1 fxe4
16.Bxe4 Bf5 17.Bxf5 gxf5 18.Ke1 Rd7 19.f3 Rad8 20.Kf2 Kf7 21.Rb5 e6 22.a4 Bf6
23.g4 a6 24.Rb1 fxg4 25.fxg4 Nxd4 26.Nxd4 Bxd4 27.Bxd4 Rxd4 28.Rxb7+ Kf6
29.Rxd4  1/2-1/2

[Event "Hastings Challengers"]
[Site "Hastings"]
[Date "1999.01.06"]
[Round "9"]
[White "Van Laatum, Gozewijn"]
[Black "Ledger, Andrew"]
[Result "0-1"]
[WhiteElo "2355"]
[BlackElo "2450"]

1.d4 Nf6 2.c4 g6 3.Nc3 d5 4.cxd5 Nxd5 5.e4 Nxc3 6.bxc3 Bg7 7.Be3 c5 8.Qd2 Qa5
9.Rb1 b6 10.Bb5+ Bd7 11.Be2 Bc6 12.Bd3 Nd7 13.Rc1 e6 14.Nf3 O-O 15.Bh6 Nf6
16.Bxg7 Kxg7 17.e5 Ng8 18.Ke2 Rad8 19.Rhd1 Rd7 20.Ng5 Rfd8 21.Ke1 h6 22.Ne4 Bxe4
23.Bxe4 cxd4 24.cxd4 Rxd4  0-1

[Event "BL2-N9899"]
[Site "Germany"]
[Date "1999.01.10"]
[Round "4.5"]
[White "Syre, Christian"]
[Black "Suhl, Dirk"]
[Result "0-1"]
[WhiteElo "2300"]
[BlackElo "2310"]

1.d4 Nf6 2.c4 g6 3.Nc3 d5 4.cxd5 Nxd5 5.e4 Nxc3 6.bxc3 Bg7 7.Bc4 O-O 8.Ne2 c5
9.O-O Nc6 10.Be3 Bd7 11.Rc1 Rc8 12.Qd2 Qa5 13.Qb2 cxd4 14.cxd4 Qb4 15.Qxb4 Nxb4
16.a3 Nc6 17.Ba2 Na5 18.Nc3 e6 19.e5 Nc4 20.Bg5 h6 21.Bxc4 Rxc4 22.Be3 Bc6
23.Nb1 Ra4 24.f3 Rd8 25.Rc3 Rd5 26.Rfc1 Bf8 27.Rd1 Raa5 28.Bc1 Ra6 29.Bb2 Rb6
30.Rd2 Ra5 31.Kf2 Be7  0-1

[Event "EUCup final 14th"]
[Site "Belgrade"]
[Date "1999.01.11"]
[Round "1"]
[White "Ivanov, Sergey"]
[Black "Greenfeld, Alon"]
[Result "1/2-1/2"]
[WhiteElo "2528"]
[BlackElo "2521"]

1.d4 Nf6 2.c4 g6 3.Nc3 d5 4.cxd5 Nxd5 5.e4 Nxc3 6.bxc3 Bg7 7.Nf3 c5 8.Rb1 O-O
9.Be2 Nc6 10.d5 Ne5 11.Nxe5 Bxe5 12.Qd2 e6 13.f4 Bc7 14.O-O exd5 15.exd5 Ba5
16.Rb3 b6 17.Qd3 Bf5 18.Qf3 Re8 19.c4 Qh4 20.Bb2 Be4 21.Qg4 Qxg4 22.Bxg4 Bc2
23.Rh3 Re4 24.Rc1 Rxf4 25.Rxc2 Rxg4 26.Re3 b5 27.d6 Rd4 28.Bxd4 cxd4 29.Ra3 Bb4
30.Rb3 Bxd6 31.Rxb5 Bf4 32.Rd5 Kf8 33.c5 Ke7 34.c6 Ke6 35.Rd7 Rc8 36.Kf1 Bxh2
37.Rxd4 Bc7 38.Rd7 Bb6 39.Re2+ Kf6 40.Rc2 Ke6 41.Re2+ Kf6 42.Ree7 Rxc6 43.Rxf7+ Kg5
44.Rxh7 Rc1+ 45.Ke2 Rg1 46.Kf3 Rf1+ 47.Ke4 Rf4+ 48.Kd3 Rg4 49.Rxa7  1/2-1/2

[Event "Tapolca op"]
[Site "Budapest"]
[Date "1999.01.12"]
[Round "5"]
[White "Papp, Gellert"]
[Black "Khechumyan, Gagik"]
[Result "1-0"]
[WhiteElo "2205"]
[BlackElo "2320"]

1.d4 Nf6 2.c4 g6 3.Nc3 d5 4.cxd5 Nxd5 5.e4 Nxc3 6.bxc3 Bg7 7.Bc4 c5 8.Ne2 cxd4
9.cxd4 Nc6 10.Be3 b5 11.Bd5 Bd7 12.Rc1 Rc8 13.Bxc6 Rxc6 14.Rxc6 Bxc6 15.d5 Bd7
16.O-O Qa5 17.Qb3 O-O 18.Rc1 Rc8 19.Rxc8+ Bxc8 20.Kf1 b4 21.Nd4 Ba6+ 22.Kg1 Qc5
23.Nc6 Qb5 24.h3 Bc3 25.Nxe7+ Kg7 26.Qd1 Qd3 27.Qg4 Be5 28.Bf4 Qb1+ 29.Kh2 Qxe4
30.Nf5+ Kg8 31.Bxe5 Qxe5+ 32.Ng3 Qd6 33.Qd4 Bb7 34.Qxa7 Qxd5 35.f3 h5 36.Qb8+ Kg7
37.Ne4 Qb5 38.Qf4 Bxe4 39.Qxe4 Qc5 40.h4 Kf6 41.Qf4+ Ke6 42.Kh1 f5 43.Qh6 Ke5
44.Qxg6 Kd4 45.Qxh5 Qc4 46.Qh8+ Ke3 47.Kh2 Qxa2 48.h5 b3 49.h6 b2 50.h7 b1=Q
51.Qe5+ Kf2 52.Qd4+ Kf1 53.Qg1+ Ke2 54.Qxb1 Qxb1 55.h8=Q Qb5 56.Kg3 Qc5 57.Qb2+ Kf1
58.Kf4 Kg1 59.Qe2 Qf8 60.Qe1+ Kh2 61.Qg3+ Kg1 62.Qg5 Qc5 63.Qxf5 Qd6+ 64.Qe5 Qh6+
65.Qg5 Qd6+ 66.Kf5 Kf2 67.f4 Qd5+ 68.Kg6 Qg8+ 69.Kh5 Qh7+ 70.Qh6 Qf5+ 71.Kh4 Ke3
72.g4 Qe4 73.f5+ Kf3 74.Qg6 Qe1+ 75.Kh5 Qh1+ 76.Kg5 Qc1+ 77.Kf6 Qc6+ 78.Kg7 Qc7+
79.Kg8 Qd8+ 80.Kh7 Qe7+ 81.Qg7 Qh4+ 82.Kg8 Qd8+ 83.Kf7 Qd7+ 84.Kg6 Qe8+ 85.Kh7 Kf4
86.f6 Qe4+ 87.Qg6 Qb7+ 88.f7  1-0

[Event "South Wales 2nd"]
[Site "Newport"]
[Date "1999.01.12"]
[Round "2"]
[White "Panczyk, Krzysztof"]
[Black "Varley, Peter"]
[Result "1-0"]
[WhiteElo "2365"]
[BlackElo "2273"]

1.d4 Nf6 2.c4 g6 3.Nc3 d5 4.cxd5 Nxd5 5.e4 Nxc3 6.bxc3 Bg7 7.Be3 c5 8.Rc1 Qa5
9.Qd2 O-O 10.Nf3 b6 11.Bh6 cxd4 12.Bxg7 Kxg7 13.cxd4 Qxd2+ 14.Kxd2 Bb7 15.Ke3 Na6
16.Bxa6 Bxa6 17.Rc7 Rfc8 18.Rhc1 Kf8 19.d5 Rxc7 20.Rxc7 Rc8 21.Rxa7 Rc3+
22.Kf4 Ra3 23.Kg5 Rxa2 24.Kh6 f6 25.Kxh7 g5 26.Kg6 Ke8 27.Nd4 Bc4 28.Rc7 Rxf2
29.Rxc4 Rxg2 30.Rc7  1-0

[Event "EUCup final 14th"]
[Site "Belgrade"]
[Date "1999.01.13"]
[Round "3"]
[White "Kozul, Zdenko"]
[Black "Avrukh, Boris"]
[Result "0-1"]
[WhiteElo "2605"]
[BlackElo "2575"]

1.d4 Nf6 2.c4 g6 3.Nc3 d5 4.cxd5 Nxd5 5.e4 Nxc3 6.bxc3 Bg7 7.Be3 c5 8.Qd2 cxd4
9.cxd4 Nc6 10.Rd1 Bg4 11.Be2 Bxe2 12.Nxe2 O-O 13.O-O e6 14.d5 exd5 15.exd5 Ne5
16.Qb4 Qd7 17.Qb3 Rfe8 18.h3 b5 19.Nd4 a6 20.Bf4 Nc4 21.Nc6 Re4 22.Bg3 Rae8
23.Nb4 Re2 24.Nxa6 Nd2 25.Nc5 Qf5 26.Qd3 Qxd3 27.Nxd3 Nxf1 28.Kxf1 Rxa2 29.Bc7 Ra1
30.Rxa1 Bxa1 31.d6 Bf6 32.Nb4 Bc3 33.Nd3 Ra8 34.Nf4 Be5 35.Nd5 Ra6 36.d7 Bxc7
37.Nxc7 Rd6 38.Ne8 Rd4 39.Ke2 Kf8 40.Nf6 Ke7  0-1

[Event "EUCup final 14th"]
[Site "Belgrade"]
[Date "1999.01.13"]
[Round "3"]
[White "Van Wely, Loek"]
[Black "Shirov, Alexei"]
[Result "1/2-1/2"]
[WhiteElo "2635"]
[BlackElo "2720"]

1.d4 Nf6 2.c4 g6 3.Nc3 d5 4.cxd5 Nxd5 5.e4 Nxc3 6.bxc3 Bg7 7.Bc4 c5 8.Ne2 Nc6
9.Be3 O-O 10.O-O Bg4 11.f3 Na5 12.Bxf7+ Rxf7 13.fxg4 Rxf1+ 14.Kxf1 cxd4 15.cxd4 e5
16.d5 Nc4 17.Qd3 Nxe3+ 18.Qxe3 Qh4 19.h3 Bh6 20.Qd3 Rf8+ 21.Kg1 Qf2+ 22.Kh1 Qe3
23.Qc4 b5 24.Qxb5 Rf2 25.Qe8+ Rf8 26.Qe6+ Kh8 27.g5 Bxg5 28.Qxe5+ Bf6 29.Qd6 Bg7
30.Ng1 Qxe4 31.Rc1 h5 32.Qe6 Be5 33.Rc5 Qe3 34.Rc8 Rxc8 35.Qxc8+ Kg7 36.Nf3 Bf4
37.Qc2 g5 38.Qd1 g4 39.hxg4 hxg4 40.Nh2 g3 41.Nf3 Bd6 42.Qd4+ Qxd4 43.Nxd4 Kf6
44.Nb5 Bc5 45.Nxa7  1/2-1/2

[Event "Excelsior Cup"]
[Site "Goteborg"]
[Date "1999.01.13"]
[Round "7"]
[White "Hillarp Persson, Tiger"]
[Black "Rytshagov, Mikhail"]
[Result "1/2-1/2"]
[WhiteElo "2482"]
[BlackElo "2533"]

1.d4 Nf6 2.c4 g6 3.Nc3 d5 4.cxd5 Nxd5 5.e4 Nxc3 6.bxc3 Bg7 7.Be3 c5 8.Qd2 Qa5
9.Rb1 b6 10.Bb5+ Bd7 11.Bd3 Nc6 12.Ne2 O-O 13.dxc5 Ne5 14.cxb6 axb6 15.O-O Qxa2
16.Rb2 Qa3 17.Rxb6 Rfd8 18.Nd4 Nxd3 19.Qxd3 Rac8 20.Rb3 Qa8 21.Qb1 e5 22.Nb5  1/2-1/2

[Event "Excelsior Cup"]
[Site "Goteborg"]
[Date "1999.01.15"]
[Round "9"]
[White "Barkhagen, Jonas"]
[Black "Rytshagov, Mikhail"]
[Result "1/2-1/2"]
[WhiteElo "2415"]
[BlackElo "2533"]

1.d4 Nf6 2.c4 g6 3.Nc3 d5 4.cxd5 Nxd5 5.e4 Nxc3 6.bxc3 Bg7 7.Bc4 c5 8.Ne2 Nc6
9.Be3 O-O 10.O-O Bg4 11.f3 Na5 12.Bd3 cxd4 13.cxd4 Be6 14.Rc1 Bxa2 15.Qa4 Bb3
16.Qb4 b6 17.Rc3 Be6 18.Nf4 Bd7 19.Rfc1 e6 20.e5 Rc8 21.Be4 Rxc3 22.Qxc3 Qb8
23.Qc7 Bb5 24.h4 Rd8 25.h5 Qxc7 26.Rxc7 g5 27.Nh3 h6 28.Rxa7 Nc6 29.Rb7 Nxd4
30.Bxd4 Rxd4 31.Rxb6 Rd1+ 32.Kf2 Bd3 33.Rb8+ Bf8 34.Bxd3 Rxd3 35.Kg3 Rd5
36.Nf2 Rxe5 37.Ng4 Ra5 38.Nf6+ Kg7 39.Ne8+ Kg8 40.Nf6+ Kg7 41.Ne8+  1/2-1/2

[Event "Linares Anibal op"]
[Site "Linares"]
[Date "1999.01.15"]
[Round "8"]
[White "Georgiev, Vladimir"]
[Black "Pierrot, Facundo"]
[Result "1/2-1/2"]
[WhiteElo "2540"]
[BlackElo "2420"]

1.d4 Nf6 2.c4 g6 3.Nc3 d5 4.cxd5 Nxd5 5.e4 Nxc3 6.bxc3 Bg7 7.Bc4 c5 8.Ne2 Nc6
9.Be3 O-O 10.O-O Bg4 11.f3 cxd4 12.cxd4 Na5 13.Bd3 Be6 14.Rc1 Bxa2 15.Qa4 Bb3
16.Qb4 b6 17.Bg5 f6 18.Bh4 Bf7 19.Ba6 Qd6 20.Qxd6 exd6 21.Rc7 d5 22.exd5 Bxd5
23.Nc3 Bf7 24.d5 Nb3 25.Bb7 Rad8 26.Rd1 Nc5 27.Bc6 Be8 28.Bxe8 Rfxe8 29.d6 Re6
30.d7 Kf7 31.Bf2 Bf8 32.Rxa7 Rd6 33.Rxd6 Bxd6 34.Nd5  1/2-1/2

[Event "Hoogovens 5'"]
[Site "Wijk aan Zee"]
[Date "1999.01.18"]
[Round "4"]
[White "Ivanchuk, Vassily"]
[Black "Svidler, Peter"]
[Result "1-0"]
[WhiteElo "2714"]
[BlackElo "2713"]

1.d4 Nf6 2.c4 g6 3.Nc3 d5 4.cxd5 Nxd5 5.e4 Nxc3 6.bxc3 Bg7 7.Bc4 O-O 8.Ne2 Nc6
9.O-O b6 10.Bg5 Bb7 11.Qd2 Qd6 12.Rad1 e5 13.Ba6 Na5 14.Bxb7 Nxb7 15.Bh6 Rfe8
16.Bxg7 Kxg7 17.Ng3 Rad8 18.f4 exd4 19.cxd4 c5 20.d5 f6 21.e5 fxe5 22.f5 Rf8
23.Ne4 Qd7 24.f6+ Kh8 25.Ng5 Rde8 26.f7 Rc8 27.Qe3 Qe7 28.h4 Nd6 29.Ne6 Rxf7
30.Qxe5+ Rg7 31.Rde1 Re8 32.Qa1 Kg8 33.Nxg7 Qxg7 34.Rxe8+ Nxe8 35.Qe1 Qd4+
36.Kh1 Nd6 37.Qe6+ Kg7 38.Qxd6  1-0

[Event "Ubeda op"]
[Site "Ubeda"]
[Date "1999.01.20"]
[Round "1"]
[White "Vera, Reynaldo"]
[Black "Saldano, Horacio"]
[Result "1-0"]
[WhiteElo "2530"]
[BlackElo "2335"]

1.d4 Nf6 2.c4 g6 3.Nc3 d5 4.cxd5 Nxd5 5.e4 Nxc3 6.bxc3 Bg7 7.Nf3 O-O 8.Be2 c5
9.O-O b6 10.Bg5 Bb7 11.Qd3 Qd7 12.Rad1 e6 13.d5 exd5 14.exd5 Ba6 15.c4 Qa4
16.Rd2 Nd7 17.Rc1 Ne5 18.Nxe5 Bxe5 19.Bf3 Bb7 20.d6 Bxf3 21.Qxf3 Qd7 22.Be7 Rfe8
23.Rd5 Bd4 24.Re1 Rab8 25.h4 b5 26.cxb5 Rxb5 27.h5 Bg7 28.a4 Rb6 29.Ra1 Bf8
30.a5 Rc6 31.Bxf8 Rxf8 32.h6 Rxd6 33.Qc3 f6 34.Rxc5 Rd1+ 35.Rxd1 Qxd1+ 36.Kh2 Qg4
37.g3 g5 38.Rc7 Qh5+ 39.Kg2 Qxh6 40.Rxa7 Qg6 41.Qc4+ Kh8 42.a6 g4 43.Rb7 Qf5
44.Qc7  1-0

[Event "Ubeda op"]
[Site "Ubeda"]
[Date "1999.01.23"]
[Round "4"]
[White "Sulipa, Aleksandar"]
[Black "Sorokin, Maxim"]
[Result "1/2-1/2"]
[WhiteElo "2415"]
[BlackElo "2570"]

1.d4 Nf6 2.c4 g6 3.Nc3 d5 4.cxd5 Nxd5 5.e4 Nxc3 6.bxc3 Bg7 7.Bb5+ c6 8.Ba4 O-O
9.Ne2 c5 10.Rb1 b6 11.O-O Ba6 12.Be3 Nd7 13.Re1 Rc8 14.e5 e6 15.Qd2 Bc4 16.Ng3 Bd5
17.Bb5 cxd4  1/2-1/2

[Event "Mermaid Beach Club"]
[Site "Bermuda"]
[Date "1999.01.24"]
[Round "4"]
[White "Elbilia, Jacques"]
[Black "Nataf, Igor Alexandre"]
[Result "1/2-1/2"]
[WhiteElo "2360"]
[BlackElo "2475"]

1.d4 Nf6 2.c4 g6 3.Nc3 d5 4.cxd5 Nxd5 5.e4 Nxc3 6.bxc3 Bg7 7.Nf3 c5 8.Rb1 O-O
9.Be2 cxd4 10.cxd4 Qa5+ 11.Bd2 Qxa2 12.O-O Bg4 13.Bg5 h6 14.Bxe7 Re8 15.Rxb7 Nc6
16.Bc5 Rxe4 17.Bd3 Rxd4 18.Bxd4 Nxd4 19.Qb1 Qxb1 20.Rfxb1 Nxf3+ 21.gxf3 Bxf3
22.Rb8+ Rxb8 23.Rxb8+ Bf8 24.Bc4 a5 25.Rb6 g5 26.Rf6 Bh5 27.Ra6 Kg7 28.Rxa5  1/2-1/2

[Event "Geneve op"]
[Site "Geneve"]
[Date "1999.01.25"]
[Round "3"]
[White "Liardet, Fabrice"]
[Black "Li, Manuel"]
[Result "1/2-1/2"]
[WhiteElo "2308"]
[BlackElo "2312"]

1.d4 Nf6 2.c4 g6 3.Nc3 d5 4.cxd5 Nxd5 5.e4 Nxc3 6.bxc3 Bg7 7.Bc4 O-O 8.Ne2 c5
9.Be3 Nc6 10.Rc1 cxd4 11.cxd4 Qa5+ 12.Kf1 e6 13.h4 Rd8 14.h5 Ne5 15.Bg5 Rd7
16.Bd2 Qd8 17.hxg6 hxg6 18.Bb5 Nc6 19.Rxc6 bxc6 20.Bxc6 Ba6 21.Bxd7 Qxd7  1/2-1/2

[Event "Sydney Challenge op"]
[Site "Sydney"]
[Date "1999.01.25"]
[Round "1"]
[White "Feldman, Vladimir"]
[Black "Jakirlic, Nermin"]
[Result "1-0"]
[WhiteElo "2330"]
[BlackElo "2190"]

1.d4 Nf6 2.c4 g6 3.Nc3 d5 4.cxd5 Nxd5 5.e4 Nxc3 6.bxc3 Bg7 7.Qa4+ Bd7 8.Qa3 O-O
9.Bg5 Re8 10.Nf3 Qc8 11.Be2 e5 12.d5 Bg4 13.h3 Bxf3 14.Bxf3 Nd7 15.O-O Bf8
16.Qc1 a5 17.Bg4 h5 18.Be2 a4 19.Qc2 Nc5 20.Be3 c6 21.c4 Qc7 22.Rab1 a3 23.Rfc1 Ra6
24.Bf3 Rea8 25.g3 Ra4 26.Bg2 Bd6 27.f4 exf4 28.gxf4 Bxf4 29.Bxc5 Bxc1 30.Rxc1 cxd5
31.cxd5 b5 32.d6 Qd7 33.e5 Rc8 34.Qf2 Qe6 35.Rd1 Rd8 36.Bd5 Qd7 37.Rf1 b4
38.Qf6 Kh7 39.Bxf7 Rg8 40.Bxg8+  1-0

[Event "Mermaid Beach Club"]
[Site "Bermuda"]
[Date "1999.01.27"]
[Round "7"]
[White "Pelletier, Yannick"]
[Black "Ashley, Maurice"]
[Result "1/2-1/2"]
[WhiteElo "2483"]
[BlackElo "2473"]

1.d4 Nf6 2.c4 g6 3.Nc3 d5 4.cxd5 Nxd5 5.e4 Nxc3 6.bxc3 Bg7 7.Nf3 c5 8.Rb1 O-O
9.Be2 Nc6 10.d5 Ne5 11.Nxe5 Bxe5 12.Qd2 e6 13.f4 Bc7 14.O-O exd5 15.exd5 Ba5
16.Rb3 b6 17.Qb2 Qxd5 18.Bf3 Qc4 19.Bxa8 Ba6 20.Re1 Rxa8 21.Qd2 Qd3 22.Qxd3 Bxd3
23.Ra3 Rd8 24.Be3 Rd5 25.g4 f5 26.Rd1 c4 27.g5 Kf7 28.Kf2 Ke6 29.Bd4 Rb5
30.Re1+ Be4 31.h4 Kd5 32.Ke3 Rb2 33.Re2 Rb1 34.Rh2 Rf1 35.Be5 Rf3+ 36.Kd2 Bd3
37.h5 Ke4 38.hxg6 hxg6 39.Rh6 Rf2+ 40.Ke1 Rf1+ 41.Kd2 Rf2+  1/2-1/2